000 00615nam a22002417a 4500
003 UA-OsUOA
001 44801
007 ta
008 20070313b un ||||| |||| 00| 0 ukr d
100 _aПодолинський С.А.
090 _a821.161.2
_bП44
942 _cBK
040 _aUA-OsUOA
_bukr
_cUA-OsUOA
_dUA-OsUOA
245 _aВибрані твори
300 _a328 с.
955 _a2
041 _aukr
080 _a821.161.2
020 _a966-574-134-9
260 _aК.
_bКНЕУ
_c2000
650 7 _a82 Література. Літературознавство
_2UDC
999 _c330922
_d330922